| 000 | 01415cam a2200277 4500 | ||
|---|---|---|---|
| 001 | ABS63198 | ||
| 008 | 000000n2000 000 0 eng u | ||
| 035 | _a(Sirsi) u109498 | ||
| 100 | _aPawlowski, M | ||
| 245 | _aRelief against forfeiture: chattel leasing | ||
| 260 | _c2000 | ||
| 490 |
_aSolicitors' Journal _v144(41) 3 November 2000, 1004-1005(2) |
||
| 520 | _aLooks at how recent case law has seen equitable relief against forfeiture extend beyond the lease of land to commercial transactions involving the transfer of proprietary or possessory rights in personal property. Discusses in detail the recent CA decision in "On Demand Information plc v Michael Gerson (Finance) plc", which has confirmed that the court does have jurisdiction to grant relief against forfeiture of a lease of chattels, given certain provisos. Concludes that the "Gerson" case has gone a long way to clarify this area of the law, but the exact nature of the 'possessory' right eligible for equitable relief still needs to be decided by the courts. Case law. | ||
| 590 | _aABS | ||
| 650 | _aFORFEITURE | ||
| 650 | _aLEASES | ||
| 650 | _aEQUITABLE RELIEF | ||
| 650 | _aPOSSESSORY TITLE | ||
| 650 | _aPROPRIETARY INTEREST IN LAND | ||
| 650 | _aRELIEF FROM FORFEITURE | ||
| 650 | _aCHATTELS | ||
| 650 | _aLEASES | ||
| 650 | _aLAW OF PROPERTY ACT 1925 S146 | ||
| 690 | _aLANDLORD AND TENANT-LEASES | ||
| 942 | _n0 | ||
| 999 |
_c65374 _d65374 |
||